| 000 | 00711nam a2200205Ia 4500 | ||
|---|---|---|---|
| 003 | OSt | ||
| 005 | 20250617142233.0 | ||
| 008 | 210210b1997 xxu||||| |||| 00| 0 eng d | ||
| 040 | _cAL | ||
| 041 | _aKannada | ||
| 082 | _aK894.8 GAUS | ||
| 100 |
_aGAURISHA KAYKINI _9151398 _d ಗೌರೀಶ ಕಾಯ್ಕಿಣಿ |
||
| 245 |
_aSamagra sahitya. Samp 6-vichara vimarshe. _bಸಮಗ್ರ ಸಾಹಿತ್ಯ : ಸಂಪುಟ ೬ - ವಿಚಾರ ವಿಮರ್ಶೆ |
||
| 260 |
_aAnkola _bShri Raghavendra Prakashana _c1997 |
||
| 300 | _a350 | ||
| 650 |
_aHalumata Akabara Ali kavya Sanadi Bi E Kavya _9151399 |
||
| 690 |
_aKannada Miscellaneous _9151400 |
||
| 906 | _aSG03456 | ||
| 942 |
_2ddc _cBK |
||
| 999 |
_c113906 _d113906 |
||